000 01070nam a2200229 a 4500
001 000034689
005 20251120073733.0
008 100830s1999 dr ab 001 0 spa d
040 _aDO-SdBNP
_bspa
_cBNPHU
082 _axxxx
_bL754
245 1 0 _aLineamientos de políticas de desarrollo urbano para la ciudad de Dajabón /
_cJulio C. Corral ... [et al.] prólogo Mercedes Sabater Macarrulla.
246 1 4 _aDajabón :
_blineamientos de políticas de desarrollo urbano
260 _aSantiago de los Caballeros, República Dominicana :
_bPontificia Universidad Católica Madre y Maestra :
_bCentro de Estudios Urbanos y Regionales,
_c1999.
300 _a193 p. :
_bil., map., retrs.
504 _aIncluye bibliografía (p.173-175)
700 1 _aCorral, Julio C.
_944072
700 1 _aSabater Macarrulla, Mercedes
_epról.
_960126
710 1 _aRepública Dominicana.
_bConsejo Nacional de Asuntos Urbanos (CONAU)
_944076
710 2 _aCentro de Estudios Urbanos y Regionales
_914521
710 2 _aPontificia Universidad Católica Madre y Maestra
_9843
049 _aBNPD
999 _c34180
_d34180